| 000 | 00939nam a2200241Ia 4500 | ||
|---|---|---|---|
| 003 | OSt | ||
| 005 | 20250505123452.0 | ||
| 008 | 191128s1992 mx er 000 f spa d | ||
| 020 | _a9684224111 | ||
| 040 |
_aCO-JMCR _cCO-JMCR |
||
| 041 | _aspa | ||
| 082 | 0 | 4 |
_aA-N _bVERd |
| 100 | 1 |
_aVerne, Jules, _d1828-1905 _eautor _95945 |
|
| 245 | 1 | 0 |
_aDos años de vacaciones / _cJulio Verne ; prólogo María Elvira Bermúdez |
| 250 | _aQuinta edición | ||
| 260 |
_aMéxico : _bPorrúa, _c1992 |
||
| 300 |
_axxi, 199 páginas ; _c22 cm. |
||
| 500 | _aIncluye índice. | ||
| 520 | _aUn grupo de quince muchachos de diferentes nacionalidades pertenecientes a un colegio de Nueva Zelanda, embarcan en una goleta, mientras la tripulación descansa en tierra, inexplicablemente las amarras se sueltan y la embarcación es arrastrada. | ||
| 650 | 1 | 4 |
_aNovela juvenil _98281 |
| 700 |
_aBermúdez, María Elvira, _eprólogo _98282 |
||
| 942 |
_2ddc _cBK |
||
| 999 |
_c3583 _d3583 |
||